[Event "DVM U20w 2022"]
[Site "Münster GER"]
[Date "2022.12.29"]
[Round "5"]
[White "Dietz, Kristin"]
[Black "Kalina, Lena"]
[Result "1-0"]
[Termination "normal"]
[Board "3.1"]
[WhiteElo "1762"]
[BlackElo "1842"]
[WhiteClock "00:29:44"]
[BlackClock "00:02:26"]
[WhiteTeam "USV Halle"]
[BlackTeam "SC Landskrone"]
[PlyCount "143"]
[WhiteFideId "12993743"]
[BlackFideId "12988014"]
[EventCountry "GER"]
[EventRounds "7"]
[EventType "team-swiss"]
[EventDate "2022.12.26"]

1. e4 {[%clk 01:30:56]} {[%emt 00:00:03]} c5 {[%clk 01:30:53]} {[%emt
00:00:08]} 2. Nc3 {[%clk 01:31:22]} {[%emt 00:00:05]} g6 {[%clk 01:30:37]}
{[%emt 00:00:46]} 3. d4 {[%clk 01:31:44]} {[%emt 00:00:07]} cxd4 {[%clk
01:30:42]} {[%emt 00:00:25]} 4. Qxd4 {[%clk 01:32:09]} {[%emt 00:00:06]} Nf6
{[%clk 01:31:02]} {[%emt 00:00:09]} 5. Be3 {[%clk 01:32:29]} {[%emt 00:00:10]}
Nc6 {[%clk 01:30:15]} {[%emt 00:01:17]} 6. Qd2 {[%clk 01:32:52]} {[%emt
00:00:07]} Bg7 {[%clk 01:27:33]} {[%emt 00:03:12]} 7. f3 {[%clk 01:33:09]}
{[%emt 00:00:14]} O-O {[%clk 01:26:07]} {[%emt 00:01:56]} 8. O-O-O {[%clk
01:33:29]} {[%emt 00:00:10]} d6 {[%clk 01:23:57]} {[%emt 00:02:40]} 9. Kb1
{[%clk 01:33:41]} {[%emt 00:00:17]} Be6 {[%clk 01:18:01]} {[%emt 00:06:27]} 10.
Nge2 {[%clk 01:33:38]} {[%emt 00:00:33]} Ne5 {[%clk 01:11:31]} {[%emt
00:07:00]} 11. Nc1 {[%clk 01:33:33]} {[%emt 00:00:35]} a5 {[%clk 01:06:47]}
{[%emt 00:05:15]} 12. a4 {[%clk 01:25:31]} {[%emt 00:08:32]} Nfd7 {[%clk
00:53:40]} {[%emt 00:13:37]} 13. h4 {[%clk 01:22:24]} {[%emt 00:03:36]} Nb6
{[%clk 00:51:04]} {[%emt 00:03:06]} 14. Bd4 {[%clk 01:15:41]} {[%emt 00:07:13]}
Nbc4 {[%clk 00:44:46]} {[%emt 00:06:48]} 15. Bxc4 {[%clk 01:15:48]} {[%emt
00:00:23]} Nxc4 {[%clk 00:44:47]} {[%emt 00:00:30]} 16. Qf2 {[%clk 01:15:09]}
{[%emt 00:01:09]} f6 {[%clk 00:40:32]} {[%emt 00:04:44]} 17. h5 {[%clk
01:14:08]} {[%emt 00:01:30]} g5 {[%clk 00:39:42]} {[%emt 00:01:21]} 18. f4
{[%clk 01:12:37]} {[%emt 00:02:02]} h6 {[%clk 00:32:14]} {[%emt 00:07:57]} 19.
Qg3 {[%clk 01:07:11]} {[%emt 00:05:54]} Bd7 {[%clk 00:28:48]} {[%emt 00:03:58]}
20. Qd3 {[%clk 01:02:26]} {[%emt 00:05:14]} Nb6 {[%clk 00:28:58]} {[%emt
00:00:21]} 21. fxg5 {[%clk 01:02:25]} {[%emt 00:00:31]} fxg5 {[%clk 00:27:23]}
{[%emt 00:02:05]} 22. Bxg7 {[%clk 01:02:23]} {[%emt 00:00:32]} Kxg7 {[%clk
00:27:51]} {[%emt 00:00:02]} 23. e5 {[%clk 01:02:06]} {[%emt 00:00:47]} Bf5
{[%clk 00:26:40]} {[%emt 00:01:41]} 24. Qd4 {[%clk 01:02:22]} {[%emt 00:00:13]}
d5 {[%clk 00:23:42]} {[%emt 00:03:29]} 25. e6 {[%clk 00:58:17]} {[%emt
00:04:35]} Rf6 {[%clk 00:22:41]} {[%emt 00:01:32]} 26. Rhe1 {[%clk 00:41:05]}
{[%emt 00:17:42]} Rc8 {[%clk 00:20:36]} {[%emt 00:02:35]} 27. g4 {[%clk
00:40:51]} {[%emt 00:00:44]} Rc4 {[%clk 00:18:45]} {[%emt 00:02:21]} 28. Qe5
{[%clk 00:38:11]} {[%emt 00:03:09]} Bxe6 {[%clk 00:15:55]} {[%emt 00:03:21]}
29. Rd4 {[%clk 00:33:54]} {[%emt 00:04:47]} Qd6 {[%clk 00:13:06]} {[%emt
00:03:20]} 30. Qe3 {[%clk 00:30:38]} {[%emt 00:03:45]} Rxd4 {[%clk 00:10:36]}
{[%emt 00:03:01]} 31. Qxd4 {[%clk 00:31:04]} {[%emt 00:00:04]} Qb4 {[%clk
00:10:02]} {[%emt 00:01:04]} 32. Nb3 {[%clk 00:25:03]} {[%emt 00:06:31]} Qxd4
{[%clk 00:09:24]} {[%emt 00:01:08]} 33. Nxd4 {[%clk 00:25:32]} {[%emt
00:00:01]} Kf7 {[%clk 00:09:21]} {[%emt 00:00:33]} 34. Nxe6 {[%clk 00:22:17]}
{[%emt 00:03:45]} Rxe6 {[%clk 00:09:46]} {[%emt 00:00:05]} 35. Rd1 {[%clk
00:22:40]} {[%emt 00:00:06]} Rd6 {[%clk 00:06:21]} {[%emt 00:03:55]} 36. b3
{[%clk 00:22:52]} {[%emt 00:00:19]} e5 {[%clk 00:05:49]} {[%emt 00:01:02]} 37.
Ne4 {[%clk 00:22:31]} {[%emt 00:00:50]} Rc6 {[%clk 00:05:11]} {[%emt 00:01:08]}
38. Ng3 {[%clk 00:22:46]} {[%emt 00:00:15]} d4 {[%clk 00:04:02]} {[%emt
00:01:39]} 39. Nf5 {[%clk 00:22:55]} {[%emt 00:00:21]} Nd5 {[%clk 00:03:56]}
{[%emt 00:00:36]} 40. Re1 {[%clk 00:23:03]} {[%emt 00:00:19]} Re6 {[%clk
00:03:09]} {[%emt 00:01:20]} 41. Kc1 {[%clk 00:22:52]} {[%emt 00:00:41]} Ne7
{[%clk 00:00:33]} {[%emt 00:03:06]} 42. Ng3 {[%clk 00:23:11]} {[%emt 00:00:09]}
Nc6 {[%clk 00:29:08]} {[%emt 00:01:57]} 43. Kd2 {[%clk 00:53:05]} {[%emt
00:00:36]} Rf6 {[%clk 00:28:17]} {[%emt 00:01:21]} 44. Nf5 {[%clk 00:53:03]}
{[%emt 00:00:31]} Ke6 {[%clk 00:27:55]} {[%emt 00:00:52]} 45. c3 {[%clk
00:52:10]} {[%emt 00:01:24]} Kd5 {[%clk 00:26:28]} {[%emt 00:01:57]} 46. Rf1
{[%clk 00:49:51]} {[%emt 00:02:49]} e4 {[%clk 00:21:28]} {[%emt 00:05:29]} 47.
cxd4 {[%clk 00:36:42]} {[%emt 00:13:39]} Nxd4 {[%clk 00:21:17]} {[%emt
00:00:41]} 48. Ne3 {[%clk 00:36:53]} {[%emt 00:00:20]} Ke6 {[%clk 00:19:59]}
{[%emt 00:01:47]} 49. Rxf6 {[%clk 00:37:07]} {[%emt 00:00:16]} Kxf6 {[%clk
00:20:24]} {[%emt 00:00:06]} 50. Kc3 {[%clk 00:37:29]} {[%emt 00:00:08]} Nf3
{[%clk 00:11:00]} {[%emt 00:09:54]} 51. Nc4 {[%clk 00:31:22]} {[%emt 00:06:36]}
b6 {[%clk 00:05:22]} {[%emt 00:06:09]} 52. b4 {[%clk 00:28:34]} {[%emt
00:03:18]} Ne5 {[%clk 00:03:56]} {[%emt 00:01:55]} 53. Nxb6 {[%clk 00:25:21]}
{[%emt 00:03:43]} axb4 {[%clk 00:02:28]} {[%emt 00:01:59]} 54. Kxb4 {[%clk
00:25:00]} {[%emt 00:00:51]} Nc6 {[%clk 00:02:02]} {[%emt 00:00:56]} 55. Kc5
{[%clk 00:25:15]} {[%emt 00:00:14]} Ke6 {[%clk 00:01:24]} {[%emt 00:01:08]} 56.
Kxc6 {[%clk 00:24:28]} {[%emt 00:01:18]} e3 {[%clk 00:01:46]} {[%emt 00:00:07]}
57. Nd7 {[%clk 00:24:53]} {[%emt 00:00:05]} e2 {[%clk 00:01:48]} {[%emt
00:00:29]} 58. Nc5 {[%clk 00:25:21]} {[%emt 00:00:02]} Ke5 {[%clk 00:01:49]}
{[%emt 00:00:29]} 59. Nd3 {[%clk 00:25:46]} {[%emt 00:00:03]} Kd4 {[%clk
00:01:40]} {[%emt 00:00:40]} 60. Ne1 {[%clk 00:26:13]} {[%emt 00:00:03]} Ke3
{[%clk 00:01:19]} {[%emt 00:00:52]} 61. a5 {[%clk 00:26:23]} {[%emt 00:00:21]}
Kf2 {[%clk 00:00:56]} {[%emt 00:00:52]} 62. Nc2 {[%clk 00:26:47]} {[%emt
00:00:06]} Kf3 {[%clk 00:00:38]} {[%emt 00:00:47]} 63. a6 {[%clk 00:27:13]}
{[%emt 00:00:05]} Kxg4 {[%clk 00:00:53]} {[%emt 00:00:14]} 64. a7 {[%clk
00:27:40]} {[%emt 00:00:03]} Kf3 {[%clk 00:00:40]} {[%emt 00:00:43]} 65. a8=Q
{[%clk 00:28:03]} {[%emt 00:00:07]} g4 {[%clk 00:01:05]} {[%emt 00:00:05]} 66.
Qa3 {[%clk 00:28:08]} {[%emt 00:00:24]} Kf2 {[%clk 00:01:24]} {[%emt 00:00:11]}
67. Qe3 {[%clk 00:28:24]} {[%emt 00:00:14]} Kf1 {[%clk 00:01:34]} {[%emt
00:00:20]} 68. Qf4 {[%clk 00:28:50]} {[%emt 00:00:04]} Kg2 {[%clk 00:01:15]}
{[%emt 00:00:49]} 69. Qxg4 {[%clk 00:29:01]} {[%emt 00:00:19]} Kf2 {[%clk
00:01:38]} {[%emt 00:00:07]} 70. Qf4 {[%clk 00:29:28]} {[%emt 00:00:03]} Kg2
{[%clk 00:02:02]} {[%emt 00:00:06]} 71. Ne1 {[%clk 00:29:48]} {[%emt 00:00:10]}
Kh3 {[%clk 00:02:26]} {[%emt 00:00:06]} 72. Qxh6 {[%clk 00:29:44]} {[%emt
00:00:34]} 1-0

[Event "DVM U20w 2022"]
[Site "Münster GER"]
[Date "2022.12.29"]
[Round "5"]
[White "Gröschel, Karoline"]
[Black "Voigt, Anastasia"]
[Result "1-0"]
[Termination "normal"]
[Board "3.2"]
[WhiteElo "1709"]
[BlackElo "1825"]
[WhiteClock "00:08:27"]
[BlackClock "00:30:21"]
[WhiteTeam "SC Landskrone"]
[BlackTeam "USV Halle"]
[PlyCount "99"]
[WhiteFideId "34610537"]
[BlackFideId "16235223"]
[EventCountry "GER"]
[EventRounds "7"]
[EventType "team-swiss"]
[EventDate "2022.12.26"]

1. e4 {[%clk 01:30:56]} {[%emt 00:00:03]} e5 {[%clk 01:30:52]} {[%emt
00:00:09]} 2. Nf3 {[%emt 00:00:05]} Nc6 3. Bb5 a6 4. Ba4 Nf6 5. O-O {[%clk
01:31:21]} Be7 {[%clk 01:31:17]} 6. Re1 {[%emt 00:00:39]} b5 7. Bb3 d6 8. c3
O-O 9. h3 {[%clk 01:33:03]} Nb8 {[%clk 01:32:56]} 10. d4 {[%emt 00:00:45]} Nbd7
11. Nbd2 Bb7 12. Bc2 Re8 13. Nf1 Bf8 14. Ng3 g6 15. Bd2 Bg7 16. Qc1 Qe7 17. Bh6
Qf8 18. Bxg7 Qxg7 19. Qd2 Qf8 20. a4 c5 21. d5 c4 22. axb5 axb5 23. Qe3 Nc5 24.
Qg5 Nfd7 25. Nh2 f6 26. Qd2 Nb6 27. f4 Rxa1 28. Rxa1 Ra8 29. Rf1 Nbd7 30. Ng4
h5 31. Nh2 Qg7 32. Nf3 Kh7 33. f5 g5 34. Nxh5 Qh6 35. g4 Ra2 36. Rb1 Nb6 37. h4
gxh4 38. Qxh6 Kxh6 39. Nxf6 Nc8 40. g5 Kg7 41. Nxh4 Kf7 42. Ng4 {[%clk
01:34:48]} Nd7 {[%clk 01:34:25]} 43. Kf2 {[%clk 00:08:27]} {[%emt 03:31:59]}
Ne7 {[%clk 00:30:21]} 44. Kg3 {[%clk 00:08:27]} Ra8 {[%clk 00:30:21]} 45. f6
{[%clk 00:08:27]} Ng8 {[%clk 00:30:21]} 46. g6 {[%clk 00:08:27]} Kf8 {[%clk
00:30:21]} 47. Rc1 {[%clk 00:08:27]} Rb8 {[%clk 00:30:21]} 48. f7 {[%clk
00:08:27]} Ne7 {[%clk 00:30:21]} 49. Nf6 {[%clk 00:08:27]} Rd8 {[%clk
00:30:21]} 50. Nh5 {[%clk 00:08:27]} 1-0

[Event "DVM U20w 2022"]
[Site "Münster GER"]
[Date "2022.12.29"]
[Round "5"]
[White "Stowicek, Yara Mathilda"]
[Black "Müller, Riyanna"]
[Result "1/2-1/2"]
[Termination "normal"]
[Board "3.3"]
[WhiteElo "1764"]
[BlackElo "1619"]
[WhiteClock "00:19:39"]
[BlackClock "00:18:34"]
[WhiteTeam "USV Halle"]
[BlackTeam "SC Landskrone"]
[PlyCount "126"]
[WhiteFideId "16203569"]
[BlackFideId "16287401"]
[EventCountry "GER"]
[EventRounds "7"]
[EventType "team-swiss"]
[EventDate "2022.12.26"]

1. e4 {[%clk 01:30:56]} {[%emt 00:00:02]} d5 {[%clk 01:30:54]} {[%emt
00:00:07]} 2. exd5 {[%clk 01:31:17]} {[%emt 00:00:10]} Qxd5 {[%clk 01:31:14]}
{[%emt 00:00:09]} 3. Nc3 {[%clk 01:31:28]} {[%emt 00:00:19]} Qd6 {[%clk
01:31:27]} {[%emt 00:00:16]} 4. d4 {[%clk 01:31:04]} {[%emt 00:00:55]} Nf6
{[%clk 01:31:25]} {[%emt 00:00:33]} 5. h3 {[%clk 01:30:55]} {[%emt 00:00:38]}
a6 {[%clk 01:30:21]} {[%emt 00:01:34]} 6. Bc4 {[%clk 01:30:34]} {[%emt
00:00:51]} b5 {[%clk 01:30:10]} {[%emt 00:00:41]} 7. Be2 {[%clk 01:29:21]}
{[%emt 00:01:42]} e6 {[%clk 01:28:42]} {[%emt 00:01:58]} 8. Bf3 {[%clk
01:28:41]} {[%emt 00:01:10]} Nc6 {[%clk 01:23:56]} {[%emt 00:05:16]} 9. Nge2
{[%clk 01:28:14]} {[%emt 00:00:57]} Bb7 {[%clk 01:22:39]} {[%emt 00:01:47]} 10.
O-O {[%clk 01:27:30]} {[%emt 00:01:13]} Be7 {[%clk 01:21:12]} {[%emt 00:01:58]}
11. Bf4 {[%clk 01:26:20]} {[%emt 00:01:40]} Qd7 {[%clk 01:21:25]} {[%emt
00:00:17]} 12. Qd2 {[%clk 01:24:40]} {[%emt 00:02:09]} Rd8 {[%clk 01:19:04]}
{[%emt 00:02:52]} 13. Rad1 {[%clk 01:23:43]} {[%emt 00:01:27]} O-O {[%clk
01:12:44]} {[%emt 00:06:51]} 14. Rfe1 {[%clk 01:22:15]} {[%emt 00:01:57]} Na5
{[%clk 01:06:23]} {[%emt 00:06:52]} 15. Bxb7 {[%clk 01:19:46]} {[%emt
00:02:58]} Nxb7 {[%clk 01:06:44]} {[%emt 00:00:09]} 16. Ng3 {[%clk 01:17:23]}
{[%emt 00:02:52]} Na5 {[%clk 00:54:44]} {[%emt 00:12:31]} 17. Qe2 {[%clk
01:11:52]} {[%emt 00:06:01]} Nc4 {[%clk 00:48:09]} {[%emt 00:07:05]} 18. b3
{[%clk 01:10:54]} {[%emt 00:01:28]} Bb4 {[%clk 00:44:59]} {[%emt 00:03:41]} 19.
Qf3 {[%clk 01:08:23]} {[%emt 00:03:00]} Nb2 {[%emt 00:15:13]} 20. Rb1 {[%clk
01:07:23]} {[%emt 00:01:29]} Nd5 {[%clk 00:28:13]} {[%emt 00:02:35]} 21. Nxd5
{[%clk 01:06:51]} {[%emt 00:01:02]} Bxe1 {[%clk 00:27:45]} {[%emt 00:00:58]}
22. Rxe1 {[%clk 01:06:28]} {[%emt 00:00:51]} Qxd5 {[%clk 00:28:07]} {[%emt
00:00:09]} 23. Qxd5 {[%clk 01:06:32]} {[%emt 00:00:26]} Rxd5 {[%clk 00:28:30]}
{[%emt 00:00:07]} 24. Be3 {[%clk 01:05:07]} {[%emt 00:01:55]} c5 {[%clk
00:26:36]} {[%emt 00:02:24]} 25. Bc1 {[%clk 01:01:48]} {[%emt 00:03:48]} Nd3
{[%clk 00:25:26]} {[%emt 00:01:41]} 26. cxd3 {[%clk 01:01:12]} {[%emt
00:01:06]} Rxd4 {[%clk 00:25:21]} {[%emt 00:00:35]} 27. Be3 {[%clk 01:00:46]}
{[%emt 00:00:56]} Rxd3 {[%clk 00:25:23]} {[%emt 00:00:29]} 28. Bxc5 {[%clk
01:00:53]} {[%emt 00:00:23]} Rc8 {[%clk 00:25:37]} {[%emt 00:00:15]} 29. Be3
{[%clk 00:59:51]} {[%emt 00:01:31]} Rc2 {[%clk 00:25:33]} {[%emt 00:00:34]} 30.
Re2 {[%clk 00:59:04]} {[%emt 00:01:17]} Rd1 {[%clk 00:24:04]} {[%emt 00:02:00]}
31. Kh2 {[%clk 00:59:13]} {[%emt 00:00:21]} Rc6 {[%clk 00:22:37]} {[%emt
00:01:54]} 32. Ne4 {[%clk 00:55:28]} {[%emt 00:04:19]} f5 {[%clk 00:20:09]}
{[%emt 00:02:58]} 33. Ng5 {[%clk 00:52:23]} {[%emt 00:03:34]} h6 {[%clk
00:19:18]} {[%emt 00:01:21]} 34. Nf3 {[%clk 00:52:42]} {[%emt 00:00:12]} Rcd6
{[%clk 00:16:49]} {[%emt 00:02:46]} 35. Bf4 {[%clk 00:50:12]} {[%emt 00:03:11]}
Rb6 {[%clk 00:15:10]} {[%emt 00:02:07]} 36. h4 {[%clk 00:50:05]} {[%emt
00:00:41]} Kf7 {[%clk 00:14:45]} {[%emt 00:00:52]} 37. Rc2 {[%clk 00:47:59]}
{[%emt 00:02:39]} Rd5 {[%clk 00:13:40]} {[%emt 00:01:35]} 38. Be5 {[%clk
00:44:57]} {[%emt 00:03:31]} Rb7 {[%clk 00:13:49]} {[%emt 00:00:22]} 39. Rc6
{[%clk 00:44:26]} {[%emt 00:00:59]} a5 {[%clk 00:13:05]} {[%emt 00:01:16]} 40.
Bb2 {[%clk 00:39:03]} {[%emt 00:05:51]} a4 {[%clk 00:11:31]} {[%emt 00:02:05]}
41. bxa4 {[%clk 00:37:11]} {[%emt 00:02:23]} bxa4 {[%clk 00:11:15]} {[%emt
00:00:46]} 42. Bd4 {[%clk 00:36:46]} {[%emt 00:00:54]} Rdb5 {[%clk 00:08:24]}
{[%emt 00:03:18]} 43. Ne5 {[%clk 00:32:12]} {[%emt 00:05:07]} Ke7 {[%clk
00:08:06]} {[%emt 00:00:47]} 44. Nc4 {[%clk 00:22:25]} {[%emt 00:10:18]} Kd7
{[%clk 00:06:38]} {[%emt 00:01:56]} 45. Ra6 {[%clk 00:21:13]} {[%emt 00:01:44]}
Rb4 {[%clk 00:04:21]} {[%emt 00:02:48]} 46. Ne5 {[%clk 00:20:04]} {[%emt
00:01:38]} Kc8 {[%clk 00:04:30]} {[%emt 00:00:19]} 47. Nf3 {[%clk 00:13:56]}
{[%emt 00:06:39]} Rd7 {[%clk 00:01:44]} {[%emt 00:03:17]} 48. Be5 {[%clk
00:13:15]} {[%emt 00:01:10]} Kb7 {[%clk 00:29:06]} {[%emt 00:03:08]} 49. Rxe6
{[%clk 00:43:09]} {[%emt 00:00:36]} g5 {[%clk 00:26:25]} {[%emt 00:03:11]} 50.
Rxh6 {[%clk 00:41:48]} {[%emt 00:01:50]} gxh4 {[%clk 00:26:13]} {[%emt
00:00:42]} 51. Nxh4 {[%clk 00:39:15]} {[%emt 00:03:03]} Re4 {[%clk 00:26:10]}
{[%emt 00:00:31]} 52. Nf3 {[%clk 00:35:41]} {[%emt 00:04:06]} Re2 {[%clk
00:26:09]} {[%emt 00:00:30]} 53. a3 {[%clk 00:35:33]} {[%emt 00:00:39]} Rxf2
{[%clk 00:25:54]} {[%emt 00:00:45]} 54. Rh4 {[%clk 00:34:45]} {[%emt 00:01:17]}
Rd3 {[%clk 00:25:20]} {[%emt 00:01:04]} 55. Kg1 {[%clk 00:32:36]} {[%emt
00:02:39]} Rfxf3 {[%clk 00:24:12]} {[%emt 00:01:39]} 56. gxf3 {[%clk 00:32:48]}
{[%emt 00:00:18]} Rxf3 {[%clk 00:24:34]} {[%emt 00:00:08]} 57. Rxa4 {[%clk
00:32:57]} {[%emt 00:00:21]} Re3 {[%clk 00:24:15]} {[%emt 00:00:47]} 58. Bd6
{[%clk 00:32:01]} {[%emt 00:01:27]} Kc6 {[%clk 00:20:48]} {[%emt 00:03:54]} 59.
Kf2 {[%clk 00:29:45]} {[%emt 00:02:49]} Re4 {[%clk 00:20:48]} {[%emt 00:00:26]}
60. Bb4 {[%clk 00:29:13]} {[%emt 00:01:06]} Re5 {[%clk 00:18:58]} {[%emt
00:02:19]} 61. Ra8 {[%clk 00:25:51]} {[%emt 00:03:53]} Rd5 {[%clk 00:18:41]}
{[%emt 00:00:48]} 62. a4 {[%clk 00:25:08]} {[%emt 00:01:13]} Kb7 {[%clk
00:18:13]} {[%emt 00:00:58]} 63. Ra5 {[%clk 00:19:39]} {[%emt 00:05:59]} Rxa5
{[%clk 00:18:34]} {[%emt 00:00:10]} 1/2-1/2

[Event "DVM U20w 2022"]
[Site "Münster GER"]
[Date "2022.12.29"]
[Round "5"]
[White "Hartmann, Hannah"]
[Black "Derling, Charlotte"]
[Result "0-1"]
[Termination "normal"]
[Board "3.4"]
[WhiteElo "1296"]
[BlackElo "1627"]
[WhiteClock "00:55:48"]
[BlackClock "00:08:11"]
[WhiteTeam "SC Landskrone"]
[BlackTeam "USV Halle"]
[PlyCount "114"]
[WhiteFideId "16235274"]
[BlackFideId "16222237"]
[EventCountry "GER"]
[EventRounds "7"]
[EventType "team-swiss"]
[EventDate "2022.12.26"]

1. e4 {[%clk 01:30:30]} {[%emt 10:53:03]} c5 {[%clk 01:30:30]} {[%emt
00:00:14]} 2. Nc3 {[%clk 01:31:20]} {[%emt 00:00:40]} Nc6 {[%clk 01:30:01]}
{[%emt 00:01:26]} 3. g3 {[%clk 01:31:40]} {[%emt 00:00:11]} g6 {[%clk
01:26:13]} {[%emt 00:04:17]} 4. Bg2 {[%clk 01:30:07]} {[%emt 00:02:02]} Bg7
{[%clk 01:26:08]} {[%emt 00:00:35]} 5. f4 {[%clk 01:30:23]} {[%emt 00:00:14]}
d6 {[%clk 01:19:53]} {[%emt 00:06:45]} 6. d3 {[%clk 01:29:50]} {[%emt
00:01:03]} e5 {[%clk 01:15:56]} {[%emt 00:04:27]} 7. Nf3 {[%clk 01:29:56]}
{[%emt 00:00:24]} Nge7 {[%clk 01:09:07]} {[%emt 00:07:18]} 8. Be3 {[%clk
01:29:18]} {[%emt 00:01:09]} Nd4 {[%clk 01:05:50]} {[%emt 00:03:47]} 9. O-O
{[%clk 01:28:11]} {[%emt 00:01:38]} O-O {[%clk 01:01:50]} {[%emt 00:04:30]} 10.
h3 {[%clk 01:26:12]} {[%emt 00:02:29]} f5 {[%clk 00:57:06]} {[%emt 00:05:13]}
11. Qd2 {[%clk 01:22:24]} {[%emt 00:04:19]} Nec6 {[%clk 00:47:50]} {[%emt
00:09:45]} 12. Rad1 {[%clk 01:18:49]} {[%emt 00:04:07]} Nb4 {[%clk 00:43:52]}
{[%emt 00:04:27]} 13. Rc1 {[%clk 01:15:50]} {[%emt 00:03:29]} Be6 {[%clk
00:41:14]} {[%emt 00:03:07]} 14. a3 {[%clk 01:15:46]} {[%emt 00:00:34]} Nbc6
{[%clk 00:40:45]} {[%emt 00:00:59]} 15. Ne2 {[%clk 01:10:30]} {[%emt 00:05:47]}
Rb8 {[%clk 00:39:09]} {[%emt 00:02:06]} 16. Ng5 {[%clk 01:08:19]} {[%emt
00:02:42]} Qd7 {[%clk 00:34:14]} {[%emt 00:05:24]} 17. Rcd1 {[%clk 00:59:30]}
{[%emt 00:09:19]} Nxe2 {[%clk 00:29:52]} {[%emt 00:04:52]} 18. Qxe2 {[%clk
00:59:29]} {[%emt 00:00:32]} exf4 {[%clk 00:28:34]} {[%emt 00:01:47]} 19. Bxf4
{[%clk 00:54:24]} {[%emt 00:05:35]} Bxb2 {[%clk 00:26:25]} {[%emt 00:02:39]}
20. exf5 {[%clk 00:49:09]} {[%emt 00:05:46]} Bxf5 {[%clk 00:24:27]} {[%emt
00:02:27]} 21. Bd5 {[%clk 00:48:55]} {[%emt 00:00:45]} Kh8 {[%clk 00:22:00]}
{[%emt 00:02:57]} 22. Be6 {[%clk 00:48:40]} {[%emt 00:00:45]} Bxe6 {[%clk
00:10:09]} {[%emt 00:12:20]} 23. Qxe6 {[%clk 00:49:00]} {[%emt 00:00:10]} Qxe6
{[%clk 00:05:27]} {[%emt 00:05:12]} 24. Nxe6 {[%clk 00:49:27]} {[%emt
00:00:05]} Rfe8 {[%clk 00:03:02]} {[%emt 00:02:53]} 25. Bxd6 {[%clk 00:48:56]}
{[%emt 00:01:01]} Rbc8 {[%clk 00:02:25]} {[%emt 00:01:06]} 26. Nxc5 {[%clk
00:47:44]} {[%emt 00:01:43]} Bd4 {[%clk 00:01:45]} {[%emt 00:01:09]} 27. Kh1
{[%clk 00:47:00]} {[%emt 00:01:15]} Re2 {[%clk 00:01:19]} {[%emt 00:00:56]} 28.
c4 {[%clk 00:46:14]} {[%emt 00:01:16]} Re3 {[%clk 00:01:24]} {[%emt 00:00:25]}
29. Kg2 {[%clk 00:43:39]} {[%emt 00:03:06]} b6 {[%clk 00:01:25]} {[%emt
00:00:29]} 30. Ne4 {[%clk 00:41:06]} {[%emt 00:03:03]} Ne5 {[%clk 00:01:24]}
{[%emt 00:00:31]} 31. Bxe5 {[%clk 00:41:07]} {[%emt 00:00:29]} Bxe5 {[%clk
00:01:40]} {[%emt 00:00:13]} 32. Rf3 {[%clk 00:41:34]} {[%emt 00:00:03]} Re2
{[%clk 00:01:30]} {[%emt 00:00:40]} 33. Rf2 {[%clk 00:41:00]} {[%emt 00:01:05]}
Rxf2 {[%clk 00:01:49]} {[%emt 00:00:10]} 34. Nxf2 {[%clk 00:40:56]} {[%emt
00:00:35]} Bb2 {[%clk 00:01:51]} {[%emt 00:00:27]} 35. a4 {[%clk 00:41:05]}
{[%emt 00:00:21]} Rc5 {[%clk 00:01:39]} {[%emt 00:00:42]} 36. Rd2 {[%clk
00:40:39]} {[%emt 00:00:56]} Bd4 {[%clk 00:01:22]} {[%emt 00:00:47]} 37. Ne4
{[%clk 00:38:31]} {[%emt 00:02:39]} Re5 {[%clk 00:01:18]} {[%emt 00:00:34]} 38.
g4 {[%clk 00:36:48]} {[%emt 00:02:13]} Kg7 {[%clk 00:01:26]} {[%emt 00:00:22]}
39. Kf3 {[%clk 00:37:11]} {[%emt 00:00:07]} Ra5 {[%clk 00:01:23]} {[%emt
00:00:32]} 40. Ra2 {[%clk 00:37:00]} {[%emt 00:00:41]} a6 {[%clk 00:01:24]}
{[%emt 00:00:29]} 41. Ng5 {[%clk 00:35:55]} {[%emt 00:01:36]} Rxg5 {[%clk
00:00:56]} {[%emt 00:00:58]} 42. Ke4 {[%clk 00:35:32]} {[%emt 00:00:53]} Bf6
{[%clk 00:28:55]} {[%emt 00:02:30]} 43. d4 {[%clk 01:05:30]} {[%emt 00:00:33]}
h5 {[%clk 00:27:26]} {[%emt 00:01:59]} 44. Rg2 {[%clk 01:02:30]} {[%emt
00:03:31]} Ra5 {[%clk 00:22:50]} {[%emt 00:05:05]} 45. Ra2 {[%clk 01:01:43]}
{[%emt 00:01:18]} Kh6 {[%clk 00:21:43]} {[%emt 00:01:37]} 46. Rb2 {[%clk
00:56:06]} {[%emt 00:06:06]} Bd8 {[%clk 00:20:31]} {[%emt 00:01:41]} 47. Ra2
{[%clk 00:55:38]} {[%emt 00:00:59]} Kg5 {[%clk 00:19:29]} {[%emt 00:01:32]} 48.
d5 {[%clk 00:54:56]} {[%emt 00:01:13]} b5 {[%clk 00:12:38]} {[%emt 00:07:20]}
49. c5 {[%clk 00:54:55]} {[%emt 00:00:32]} Rxa4 {[%clk 00:11:11]} {[%emt
00:01:57]} 50. Rxa4 {[%clk 00:53:43]} {[%emt 00:01:42]} bxa4 {[%clk 00:11:17]}
{[%emt 00:00:24]} 51. d6 {[%clk 00:53:53]} {[%emt 00:00:20]} Kf6 {[%clk
00:08:22]} {[%emt 00:03:25]} 52. Kd5 {[%clk 00:54:11]} {[%emt 00:00:12]} a3
{[%clk 00:08:04]} {[%emt 00:00:47]} 53. c6 {[%clk 00:54:37]} {[%emt 00:00:05]}
a2 {[%clk 00:08:01]} {[%emt 00:00:32]} 54. c7 {[%clk 00:55:05]} {[%emt
00:00:02]} Bxc7 {[%clk 00:08:04]} {[%emt 00:00:28]} 55. dxc7 {[%clk 00:55:31]}
{[%emt 00:00:04]} a1=Q {[%clk 00:08:22]} {[%emt 00:00:11]} 56. c8=Q {[%clk
00:55:55]} {[%emt 00:00:07]} Qe5 {[%clk 00:07:58]} {[%emt 00:00:53]} 57. Kc4
{[%clk 00:55:48]} {[%emt 00:00:37]} Qe6 {[%clk 00:08:11]} {[%emt 00:00:17]} 0-1